Les 10 personnes les plus riches du monde. - Statistiques

Statistiques générales
  • Ce quiz a été pris 296 fois
  • Le résultat moyen est 4 sur 10
Statistiques - réponses
Fortune(en $) Nationalité Entreprise Personne % Correct
113 Mds Américain Amazon Jeff Bezos
88%
98 Mds Américain Microsoft Bill Gates
85%
76 Mds Français LVMH Bernard Arnault
73%
54,7 Mds Américain Facebook Mark Zuckerberg
71%
67,5 Mds Américain Berkshire Hathaway Warren Buffet
25%
55,1 Mds Espagnol Zara/Inditex Amancio Ortega
10%
54,4 Mds Américaine Walmart Alice Walton
9%
54,6 Mds Américain Walmart Jim Walton
9%
54,1 Mds Américain Walmart S. Robson Walton
9%
59 Mds Américain Software Larry Ellisson
6%
Aucun quiz correspondant
Distribution des résultats
% des personnes avec chaque résultat
Percentile par nombre de réponses
Votre historique - résultats
Vous n’avez pas pris ce quiz